000 00502nam a2200157Ia 4500
999 _c2871
_d2871
008 200103s 2008 ||||xx |||||||||||||| ||und||
082 _a623.8884
_bCHH
100 _aChhabra, Yashwant
245 0 _aCollision avoidance : principles & practice
260 _bBhandarkar Pubhications
_c2008
_aMumbai
300 _axi, 379p.
650 _aSteering and sailing rules
650 _aConduct of vessels in sight of one another
650 _aConduct of vessels in restricted visibility
942 _cBK